<?xml version="1.0" encoding="UTF-8"?>
<record
    xmlns:xsi="http://www.w3.org/2001/XMLSchema-instance"
    xsi:schemaLocation="http://www.loc.gov/MARC21/slim http://www.loc.gov/standards/marcxml/schema/MARC21slim.xsd"
    xmlns="http://www.loc.gov/MARC21/slim">

  <leader>00698nam a22002657a 4500</leader>
  <controlfield tag="001"> 22476 </controlfield>
  <controlfield tag="003">UA-OsUOA</controlfield>
  <controlfield tag="005">20200205170538.0</controlfield>
  <controlfield tag="007">ta</controlfield>
  <controlfield tag="008">20031221b un ||||| |||| 00| 0 ukr d</controlfield>
  <datafield tag="020" ind1=" " ind2=" ">
    <subfield code="a">9660600038</subfield>
  </datafield>
  <datafield tag="040" ind1=" " ind2=" ">
    <subfield code="a">UA-OsUOA</subfield>
    <subfield code="b">ukr</subfield>
    <subfield code="c">UA-OsUOA</subfield>
    <subfield code="d">UA-OsUOA</subfield>
  </datafield>
  <datafield tag="041" ind1=" " ind2=" ">
    <subfield code="a">ukr</subfield>
  </datafield>
  <datafield tag="044" ind1=" " ind2=" ">
    <subfield code="a">UA</subfield>
  </datafield>
  <datafield tag="080" ind1=" " ind2=" ">
    <subfield code="a">18</subfield>
  </datafield>
  <datafield tag="090" ind1=" " ind2=" ">
    <subfield code="a">18</subfield>
    <subfield code="b">&#x41B;38</subfield>
  </datafield>
  <datafield tag="100" ind1=" " ind2=" ">
    <subfield code="a">&#x41B;&#x435;&#x432;&#x447;&#x443;&#x43A; &#x41B;.&#x422;.</subfield>
  </datafield>
  <datafield tag="245" ind1=" " ind2=" ">
    <subfield code="a">&#x417;&#x430;&#x445;&#x456;&#x434;&#x43D;&#x43E;&#x454;&#x432;&#x440;&#x43E;&#x43F;&#x435;&#x439;&#x441;&#x44C;&#x43A;&#x430; &#x435;&#x441;&#x442;&#x435;&#x442;&#x438;&#x43A;&#x430; &#x425;&#x425; &#x441;&#x442;&#x43E;&#x43B;&#x456;&#x442;&#x442;&#x44F;</subfield>
    <subfield code="b">&#x43D;&#x430;&#x432;&#x447;. &#x43F;&#x43E;&#x441;&#x456;&#x431;.</subfield>
  </datafield>
  <datafield tag="260" ind1=" " ind2=" ">
    <subfield code="a">&#x41A;.</subfield>
    <subfield code="b">&#x41B;&#x438;&#x431;&#x456;&#x434;&#x44C;</subfield>
    <subfield code="c">1997</subfield>
  </datafield>
  <datafield tag="300" ind1=" " ind2=" ">
    <subfield code="a">224 &#x441;.</subfield>
  </datafield>
  <datafield tag="650" ind1=" " ind2="7">
    <subfield code="2">UDC</subfield>
  </datafield>
  <datafield tag="942" ind1=" " ind2=" ">
    <subfield code="c">BK</subfield>
    <subfield code="2">udc</subfield>
  </datafield>
  <datafield tag="955" ind1=" " ind2=" ">
    <subfield code="a">0</subfield>
  </datafield>
  <datafield tag="999" ind1=" " ind2=" ">
    <subfield code="c">308696</subfield>
    <subfield code="d">308696</subfield>
  </datafield>
  <datafield tag="952" ind1=" " ind2=" ">
    <subfield code="0">0</subfield>
    <subfield code="1">0</subfield>
    <subfield code="2">udc</subfield>
    <subfield code="4">0</subfield>
    <subfield code="7">0</subfield>
    <subfield code="a">102</subfield>
    <subfield code="b">102</subfield>
    <subfield code="d">2003-12-21</subfield>
    <subfield code="g">26.51</subfield>
    <subfield code="i">63233</subfield>
    <subfield code="l">0</subfield>
    <subfield code="o">18 &#x41B;38</subfield>
    <subfield code="p">63233</subfield>
    <subfield code="r">2022-02-07 00:00:00</subfield>
    <subfield code="w">2003-12-21</subfield>
    <subfield code="y">BK</subfield>
  </datafield>
  <datafield tag="952" ind1=" " ind2=" ">
    <subfield code="0">0</subfield>
    <subfield code="1">0</subfield>
    <subfield code="2">udc</subfield>
    <subfield code="4">0</subfield>
    <subfield code="7">0</subfield>
    <subfield code="a">102</subfield>
    <subfield code="b">102</subfield>
    <subfield code="d">2003-12-21</subfield>
    <subfield code="g">18.40</subfield>
    <subfield code="i">63234</subfield>
    <subfield code="l">0</subfield>
    <subfield code="o">18 &#x41B;38</subfield>
    <subfield code="p">63234</subfield>
    <subfield code="r">2022-02-07 00:00:00</subfield>
    <subfield code="w">2003-12-21</subfield>
    <subfield code="y">BK</subfield>
  </datafield>
  <datafield tag="952" ind1=" " ind2=" ">
    <subfield code="0">0</subfield>
    <subfield code="1">0</subfield>
    <subfield code="2">udc</subfield>
    <subfield code="4">0</subfield>
    <subfield code="7">0</subfield>
    <subfield code="a">102</subfield>
    <subfield code="b">102</subfield>
    <subfield code="d">2003-12-21</subfield>
    <subfield code="g">3.00</subfield>
    <subfield code="i">63235</subfield>
    <subfield code="l">0</subfield>
    <subfield code="o">18 &#x41B;38</subfield>
    <subfield code="p">63235</subfield>
    <subfield code="r">2022-02-07 00:00:00</subfield>
    <subfield code="w">2003-12-21</subfield>
    <subfield code="y">BK</subfield>
  </datafield>
  <datafield tag="952" ind1=" " ind2=" ">
    <subfield code="0">0</subfield>
    <subfield code="1">0</subfield>
    <subfield code="2">udc</subfield>
    <subfield code="4">0</subfield>
    <subfield code="7">0</subfield>
    <subfield code="a">102</subfield>
    <subfield code="b">102</subfield>
    <subfield code="d">2003-12-21</subfield>
    <subfield code="g">3.00</subfield>
    <subfield code="i">63236</subfield>
    <subfield code="l">0</subfield>
    <subfield code="o">18 &#x41B;38</subfield>
    <subfield code="p">63236</subfield>
    <subfield code="r">2022-02-07 00:00:00</subfield>
    <subfield code="w">2003-12-21</subfield>
    <subfield code="y">BK</subfield>
  </datafield>
  <datafield tag="952" ind1=" " ind2=" ">
    <subfield code="0">0</subfield>
    <subfield code="1">0</subfield>
    <subfield code="2">udc</subfield>
    <subfield code="4">0</subfield>
    <subfield code="7">0</subfield>
    <subfield code="a">102</subfield>
    <subfield code="b">102</subfield>
    <subfield code="d">2003-12-21</subfield>
    <subfield code="g">8.80</subfield>
    <subfield code="i">63237</subfield>
    <subfield code="l">0</subfield>
    <subfield code="o">18 &#x41B;38</subfield>
    <subfield code="p">63237</subfield>
    <subfield code="r">2022-02-07 00:00:00</subfield>
    <subfield code="w">2003-12-21</subfield>
    <subfield code="y">BK</subfield>
  </datafield>
  <datafield tag="952" ind1=" " ind2=" ">
    <subfield code="0">0</subfield>
    <subfield code="1">0</subfield>
    <subfield code="2">udc</subfield>
    <subfield code="4">0</subfield>
    <subfield code="7">0</subfield>
    <subfield code="a">102</subfield>
    <subfield code="b">102</subfield>
    <subfield code="d">2003-12-21</subfield>
    <subfield code="g">8.80</subfield>
    <subfield code="i">63238</subfield>
    <subfield code="l">0</subfield>
    <subfield code="o">18 &#x41B;38</subfield>
    <subfield code="p">63238</subfield>
    <subfield code="r">2022-02-07 00:00:00</subfield>
    <subfield code="w">2003-12-21</subfield>
    <subfield code="y">BK</subfield>
  </datafield>
  <datafield tag="952" ind1=" " ind2=" ">
    <subfield code="0">0</subfield>
    <subfield code="1">0</subfield>
    <subfield code="2">udc</subfield>
    <subfield code="4">0</subfield>
    <subfield code="7">0</subfield>
    <subfield code="a">102</subfield>
    <subfield code="b">102</subfield>
    <subfield code="d">2003-12-21</subfield>
    <subfield code="i">63239</subfield>
    <subfield code="l">0</subfield>
    <subfield code="o">18 &#x41B;38</subfield>
    <subfield code="p">63239</subfield>
    <subfield code="r">2022-02-07 00:00:00</subfield>
    <subfield code="w">2003-12-21</subfield>
    <subfield code="y">BK</subfield>
  </datafield>
  <datafield tag="952" ind1=" " ind2=" ">
    <subfield code="0">0</subfield>
    <subfield code="1">0</subfield>
    <subfield code="2">udc</subfield>
    <subfield code="4">0</subfield>
    <subfield code="7">0</subfield>
    <subfield code="a">102</subfield>
    <subfield code="b">102</subfield>
    <subfield code="d">2003-12-21</subfield>
    <subfield code="i">63240</subfield>
    <subfield code="l">0</subfield>
    <subfield code="o">18 &#x41B;38</subfield>
    <subfield code="p">63240</subfield>
    <subfield code="r">2022-02-07 00:00:00</subfield>
    <subfield code="w">2003-12-21</subfield>
    <subfield code="y">BK</subfield>
  </datafield>
  <datafield tag="952" ind1=" " ind2=" ">
    <subfield code="0">0</subfield>
    <subfield code="1">0</subfield>
    <subfield code="2">udc</subfield>
    <subfield code="4">0</subfield>
    <subfield code="7">0</subfield>
    <subfield code="a">102</subfield>
    <subfield code="b">102</subfield>
    <subfield code="d">2003-12-21</subfield>
    <subfield code="g">10.00</subfield>
    <subfield code="i">63241</subfield>
    <subfield code="l">0</subfield>
    <subfield code="o">18 &#x41B;38</subfield>
    <subfield code="p">63241</subfield>
    <subfield code="r">2022-02-07 00:00:00</subfield>
    <subfield code="w">2003-12-21</subfield>
    <subfield code="y">BK</subfield>
  </datafield>
  <datafield tag="952" ind1=" " ind2=" ">
    <subfield code="0">0</subfield>
    <subfield code="1">0</subfield>
    <subfield code="2">udc</subfield>
    <subfield code="4">0</subfield>
    <subfield code="7">0</subfield>
    <subfield code="a">101</subfield>
    <subfield code="b">101</subfield>
    <subfield code="d">2006-07-07</subfield>
    <subfield code="i">36888</subfield>
    <subfield code="l">0</subfield>
    <subfield code="o">18 &#x41B;38</subfield>
    <subfield code="p">36888</subfield>
    <subfield code="r">2021-11-03 00:00:00</subfield>
    <subfield code="w">2006-07-07</subfield>
    <subfield code="y">BK</subfield>
  </datafield>
  <datafield tag="952" ind1=" " ind2=" ">
    <subfield code="0">0</subfield>
    <subfield code="1">0</subfield>
    <subfield code="2">udc</subfield>
    <subfield code="4">0</subfield>
    <subfield code="7">0</subfield>
    <subfield code="a">101</subfield>
    <subfield code="b">101</subfield>
    <subfield code="d">2006-07-07</subfield>
    <subfield code="i">36889</subfield>
    <subfield code="l">0</subfield>
    <subfield code="o">18 &#x41B;38</subfield>
    <subfield code="p">36889</subfield>
    <subfield code="r">2021-11-03 00:00:00</subfield>
    <subfield code="w">2006-07-07</subfield>
    <subfield code="y">BK</subfield>
  </datafield>
  <datafield tag="952" ind1=" " ind2=" ">
    <subfield code="0">0</subfield>
    <subfield code="1">0</subfield>
    <subfield code="2">udc</subfield>
    <subfield code="4">0</subfield>
    <subfield code="7">0</subfield>
    <subfield code="a">101</subfield>
    <subfield code="b">101</subfield>
    <subfield code="d">2006-07-07</subfield>
    <subfield code="i">38935</subfield>
    <subfield code="l">0</subfield>
    <subfield code="o">18 &#x41B;38</subfield>
    <subfield code="p">38935</subfield>
    <subfield code="r">2021-11-03 00:00:00</subfield>
    <subfield code="w">2006-07-07</subfield>
    <subfield code="y">BK</subfield>
  </datafield>
  <datafield tag="952" ind1=" " ind2=" ">
    <subfield code="0">0</subfield>
    <subfield code="1">0</subfield>
    <subfield code="2">udc</subfield>
    <subfield code="4">0</subfield>
    <subfield code="7">0</subfield>
    <subfield code="a">101</subfield>
    <subfield code="b">101</subfield>
    <subfield code="d">2012-08-27</subfield>
    <subfield code="i">38936</subfield>
    <subfield code="l">0</subfield>
    <subfield code="o">18 &#x41B;38</subfield>
    <subfield code="p">38936</subfield>
    <subfield code="r">2021-11-03 00:00:00</subfield>
    <subfield code="w">2006-07-07</subfield>
    <subfield code="y">BK</subfield>
  </datafield>
  <datafield tag="952" ind1=" " ind2=" ">
    <subfield code="0">0</subfield>
    <subfield code="1">0</subfield>
    <subfield code="2">udc</subfield>
    <subfield code="4">0</subfield>
    <subfield code="7">0</subfield>
    <subfield code="a">101</subfield>
    <subfield code="b">101</subfield>
    <subfield code="d">2006-07-07</subfield>
    <subfield code="i">38938</subfield>
    <subfield code="l">0</subfield>
    <subfield code="o">18 &#x41B;38</subfield>
    <subfield code="p">38938</subfield>
    <subfield code="r">2021-11-03 00:00:00</subfield>
    <subfield code="w">2006-07-07</subfield>
    <subfield code="y">BK</subfield>
  </datafield>
  <datafield tag="952" ind1=" " ind2=" ">
    <subfield code="0">0</subfield>
    <subfield code="1">0</subfield>
    <subfield code="2">udc</subfield>
    <subfield code="4">0</subfield>
    <subfield code="7">0</subfield>
    <subfield code="a">101</subfield>
    <subfield code="b">101</subfield>
    <subfield code="d">2006-07-10</subfield>
    <subfield code="i">36890</subfield>
    <subfield code="l">0</subfield>
    <subfield code="o">18 &#x41B;38</subfield>
    <subfield code="p">36890</subfield>
    <subfield code="r">2021-11-03 00:00:00</subfield>
    <subfield code="w">2006-07-07</subfield>
    <subfield code="y">BK</subfield>
  </datafield>
  <datafield tag="952" ind1=" " ind2=" ">
    <subfield code="0">0</subfield>
    <subfield code="1">0</subfield>
    <subfield code="2">udc</subfield>
    <subfield code="4">0</subfield>
    <subfield code="7">0</subfield>
    <subfield code="a">101</subfield>
    <subfield code="b">101</subfield>
    <subfield code="d">2006-07-07</subfield>
    <subfield code="i">36891</subfield>
    <subfield code="l">0</subfield>
    <subfield code="o">18 &#x41B;38</subfield>
    <subfield code="p">36891</subfield>
    <subfield code="r">2021-11-03 00:00:00</subfield>
    <subfield code="w">2006-07-07</subfield>
    <subfield code="y">BK</subfield>
  </datafield>
  <datafield tag="952" ind1=" " ind2=" ">
    <subfield code="0">0</subfield>
    <subfield code="1">0</subfield>
    <subfield code="2">udc</subfield>
    <subfield code="4">0</subfield>
    <subfield code="7">0</subfield>
    <subfield code="a">101</subfield>
    <subfield code="b">101</subfield>
    <subfield code="d">2006-07-07</subfield>
    <subfield code="i">36892</subfield>
    <subfield code="l">0</subfield>
    <subfield code="o">18 &#x41B;38</subfield>
    <subfield code="p">36892</subfield>
    <subfield code="r">2021-11-03 00:00:00</subfield>
    <subfield code="w">2006-07-07</subfield>
    <subfield code="y">BK</subfield>
  </datafield>
  <datafield tag="952" ind1=" " ind2=" ">
    <subfield code="0">0</subfield>
    <subfield code="1">0</subfield>
    <subfield code="2">udc</subfield>
    <subfield code="4">0</subfield>
    <subfield code="7">0</subfield>
    <subfield code="a">101</subfield>
    <subfield code="b">101</subfield>
    <subfield code="d">2006-07-07</subfield>
    <subfield code="i">38937</subfield>
    <subfield code="l">0</subfield>
    <subfield code="o">18 &#x41B;38</subfield>
    <subfield code="p">38937</subfield>
    <subfield code="r">2021-11-03 00:00:00</subfield>
    <subfield code="w">2006-07-07</subfield>
    <subfield code="y">BK</subfield>
  </datafield>
  <datafield tag="952" ind1=" " ind2=" ">
    <subfield code="0">0</subfield>
    <subfield code="1">0</subfield>
    <subfield code="2">udc</subfield>
    <subfield code="4">0</subfield>
    <subfield code="7">0</subfield>
    <subfield code="a">101</subfield>
    <subfield code="b">101</subfield>
    <subfield code="d">2006-07-07</subfield>
    <subfield code="i">38939</subfield>
    <subfield code="l">0</subfield>
    <subfield code="o">18 &#x41B;38</subfield>
    <subfield code="p">38939</subfield>
    <subfield code="r">2021-11-03 00:00:00</subfield>
    <subfield code="w">2006-07-07</subfield>
    <subfield code="y">BK</subfield>
  </datafield>
</record>
